000 00721nam a2200181Ia 4500
008 151018s9999 xx 000 0 und d
082 _bRBASDV47642
_a891.434
100 _aवीरेंद्र सस्केना
245 _aजीवन विमर्श चिताए और चिन्तन
250 _b1
260 _bपंकज बुक्स
_c2006
300 _a136
600 _aवीरेंद्र सस्केना
630 _aजीवन विमर्श चिताए और चिन्तन
700 _aवीरेंद्र सस्केना
730 _aजीवन विमर्श चिताए और चिन्तन
942 _cBOOK
999 _c1046774
_d1046771